| 000 | 00478nam a2200193 a 4500 | ||
|---|---|---|---|
| 001 | 1766824442192 | ||
| 003 | YourLibrary | ||
| 005 | 20251229124201.0 | ||
| 008 | 251227s1998##################000#0#eng## | ||
| 020 | _a9780195113228 | ||
| 082 | 0 | 4 |
_a206.50973 _bDEM |
| 100 | 1 |
_aDemerath, Nicholas Jay, _eauthor. |
|
| 245 | 1 | 0 | _aSacred Companies : |
| 260 | _c1998. | ||
| 300 | _a433 pages | ||
| 650 | 0 | _aReligion. | |
| 942 | _cENGLISH | ||
| 040 |
_aYourLibrary _beng _cYourLibrary |
||
| 999 |
_c605756 _d605756 |
||